000 00302nam a22001217a 4500
082 _a894.812
_bSRE/I
100 _aPROF.K.SREEDHARAN
245 _aINDIAN BAHIRAKASHA CHARITRAM
260 _aTHRICHUR
_bKERALA SASTRA SAHITHYA PARISHATH
300 _a91
650 _aGENERAL KNOWLEDGE
_zKERALA
942 _cBK
999 _c1039
_d1039